| 000 | 00416nam a2200097Ia 4500 | ||
|---|---|---|---|
| 008 | 180130s9999 xx 000 0 und d | ||
| 245 |
_cRouyendegh, Babak Daneshvar _aEvaluating projects based on intuitionistic fuzzy group decision making |
||
| 260 | _c2015 | ||
| 300 | _aBook title: Information technology project management--Acession number C20536; pages 195-218 | ||
| 650 | _aPROJECT MANAGEMENT--INFORMATION TECHNOLOGY | ||
| 999 |
_c354407 _d354407 |
||